Understanding the police in India / (Record no. 81432)

MARC details
000 -LEADER
fixed length control field 00778nam a22002417a 4500
005 - DATE AND TIME OF LATEST TRANSACTION
control field 20140110105503.0
010 ## - LCCN (DPL NO)
LC control number ENG-108995
020 ## - INTERNATIONAL STANDARD BOOK NUMBER
International Standard Book Number 9789351430292
Terms of availability 595.00
035 ## - SYSTEM CONTROL NUMBER
System control number EN-92528
037 ## - SOURCE OF ACQUISITION
Source of stock number/acquisition DBAD/PUB
082 ## - DEWEY DECIMAL CLASSIFICATION NUMBER
Classification number 363.20954
100 ## - MAIN ENTRY--PERSONAL NAME
Personal name Verma, Arvind
245 ## - TITLE STATEMENT
Title Understanding the police in India /
Statement of responsibility, etc by Arvind Verma [and] K. S. Subramanian
250 ## - EDITION STATEMENT
Edition statement 2nd ed
260 ## - PUBLICATION, DISTRIBUTION, ETC. (IMPRINT)
Place of publication, distribution, etc Gurgaon
Name of publisher, distributor, etc Lexis Nexis
Date of publication, distribution, etc 2014
270 ## - ADDRESS
Address 14th floor, Building No 10, Tower-B, DLF Cyber City, Phase-ll,
City Gurgaon
Postal code 122002
300 ## - PHYSICAL DESCRIPTION
Extent xv,307p.
Dimensions 24cm(Hb)
500 ## - GENERAL NOTE
General note Includes bibliographical references and index.
650 ## - SUBJECT ADDED ENTRY--TOPICAL TERM
Topical term or geographic name as entry element Police
Geographic subdivision India.
650 ## - SUBJECT ADDED ENTRY--TOPICAL TERM
Topical term or geographic name as entry element Law enforcement
Geographic subdivision India.
700 ## - ADDED ENTRY--PERSONAL NAME
Personal name Subramanian, K. S.
942 ## - ADDED ENTRY ELEMENTS (KOHA)
Source of classification or shelving scheme Dewey Decimal Classification
Item type English Books
Call number suffix VER
Classification part 363.20954
Holdings
Withdrawn status Lost status Not for loan Collection code Home library Current library Date acquired Source of acquisition Cost, normal purchase price Full call number Barcode Copy number Cost, replacement price Koha item type
    Not For Loan Non-fiction D.B.Act.Division D.B.Act.Division 23/12/2013 DBAD/PUB 595.00 363.20954 VER EN-92528 1 595.00 English Books

© Delhi Public Library
Hit Counter
free hit counter